| 000 | 01550cam a22003611i 4500 | ||
|---|---|---|---|
| 003 | SA-RiAUC | ||
| 005 | 20250709061445.0 | ||
| 008 | 250708s2008 su bo g b f001 0dara c | ||
| 020 | _a9960982378 | ||
| 040 |
_aMA-HhKAF _bara _cSA-RiAUC. _erda |
||
| 041 | 1 |
_aara _hund |
|
| 043 | _aar----- | ||
| 072 | _aMAI | ||
| 082 | 0 | 4 | _a915.304 |
| 090 |
_a915.304 _b ب ا د |
||
| 100 | 1 |
_aباديا، دومنجو، _d1766-1818 _eمؤلف. |
|
| 245 | 1 | 0 |
_aرحالة إسباني في الجزيرة العربية / _cدومنجو باديا ؛ ترجمه ودرسه وعلق عليه صالح بن محمد السنيدي. |
| 264 | 1 |
_aالرياض : _bدارة الملك عبد العزيز، _c2008 |
|
| 300 |
_a423 صفحة : _bخرائط، صور ؛ _c24 سم. |
||
| 336 |
_aنص _btxt _2rdacontent _3كتاب |
||
| 337 |
_aبدون وسيط _bn _2rdamedia |
||
| 338 |
_aمجلد _bnc _2rdacarrier |
||
| 490 | 0 |
_aإصدارات دارة الملك عبد العزيز ؛ _v217 |
|
| 500 | _aغلاف مصور. | ||
| 500 | _aيشتمل على كشافات. | ||
| 500 | _aيشتمل على ملحقا للخرائط والصور. | ||
| 504 | _aببليوجرافية : صفحة 397-403. | ||
| 600 | 0 | 7 |
_aعلي باي، _d1766-1818 _xرحلات _zشبه الجزيرة العربية _2aucnm |
| 651 | 7 |
_aشبه الجزيرة العربية _xوصف ورحلات _2aucsh |
|
| 700 | 1 |
_aالسنيدي، صالح بن محمد بن راشد، _d1373 هجري- _eمترجم. |
|
| 942 |
_2ddc _cBOOK _n0 |
||
| 949 |
_aSA-JeALM _d250708 _umohamedma123 _n1 |
||
| 999 |
_c9627 _d9627 |
||